Movies Quiz

Random Movies or Clickable Quiz

Hero vs Villain Quiz Stats

 Plays Quiz not verified by Sporcle

Also try: Jude Law Movies
Challenge
Share
Tweet
Embed
Score 0/30 Timer 03:00
0 Plays Today
% Correct
Darth Vader
98.6%
Lex Luthor
97.6%
The Wicked Witch of the West
97.6%
Joker
97.2%
The Terminator
92%
Green Goblin
91.3%
Count Dracula
90.2%
Auric Goldfinger
89.9%
Loki
89.2%
Hans Gruber
87.8%
Jame Gumb-Buffalo Bill
86.4%
Agent Smith
85%
Xenomorph- Alien
82.2%
Commodus
79.4%
'god-King' Xerxes
78%
% Correct
Longshanks - King Edward I
76.6%
Erik Lehnsherr
69.9%
Nurse Ratched
66.1%
Shark-Jaws
64.3%
Michael Myers
58.7%
Annie Wilkes
52.8%
Bill 'The Butcher' Cutting
51.7%
Sgt. Barnes
47.6%
Freddy Krueger
45.8%
Colonel Miles Quaritch
45.8%
Queen Bavmorda
43.7%
Detective Alonzo Harris
33.2%
Max Cady
30.1%
Noah Cross
28%
Andrew Scott
18.2%

You're not logged in!

Compare scores with friends on all Sporcle quizzes.
OR
Log In

You Might Also Like...

Show Comments

Extras

Created May 15, 2012ReportNominate
Tags:Clickable Quiz, hero, villains

Top Quizzes Today


Score Distribution

Your Account Isn't Verified!

In order to create a playlist on Sporcle, you need to verify the email address you used during registration. Go to your Sporcle Settings to finish the process.

Report this User

Report this user for behavior that violates our Community Guidelines.

Details: